000 02390nam a2200565 c 4500
999 _c151258
_d151258
003 BLK
005 20240416135334.0
008 180410b bul|||||r ||||||| ||bul||
010 _aKNG00157644000
040 _aBLK
041 _aBUL
_cBUL
072 7 _2bullib
_aК
_xКраезнание
072 7 _2bullib
_aЯ
_xАвтографи
080 _aКомунистически партии. Вж и 327.323
_b329.15
_x(497.2)БКП(092)
_z329.15(497.2)БКП(092)
080 _aПолитически и национални младежки движения
_b329.78
_x(092)
_z329.78(092)
080 _aБългарска литература
_b821.163.2
_x-32
_z821.163.2-32
080 _aБиографии
_b929
_z929
100 1 _aТаджер, Салис Самуил
_eпърви автор
_9371385
139 _aТаджер, Салис Самуил
_bТ 18
245 1 0 _aМост към нас
_bДокум. повести
_cСалис Самуил Таджер.
257 _aBGR
260 _bПартиздат
_c1980
_fВ. Търново : Д. Найденов
300 _a380 с.
_bс портр.
_c16 см
380 _a3
490 1 _aПоредица Художествено-документални биографии
500 _a7 115 тир. - За Петър Караминчев, Ана Вентура и Димитър Богданов
600 0 _aКараминчев, Петър Минчев
_d1887 г. - 1943 г.
_gДеец на комунистическото движение, юрист. Адвокат - в Русе
_9491952
600 1 4 _aБогданов, Димитър
_9331328
600 1 4 _aВентура, Ана Аврам
_d1925 - 1944
_9224008
650 4 _aБКП - дейци
_9242529
650 4 _aРМС - дейци
_9255188
651 4 _aБългария
_9241624
651 4 _aРусе
_9179462
653 _aБКП
653 _aкомунисти
653 _aРМС
653 _aремсисти
653 _aАна Вентура
653 _aПетър Караминчев
659 _aК
659 _aЯ
852 _aЦб І 18091
852 _aК 329(092)/Т 18 С
856 4 _qpdf
856 4 _qpdf
942 _cKNG
_n0
_s1
944 _aCR
_c10.03.2014
_lГеновева Генчева
_k30560
944 _aED
_c10.03.2014
_l10.03.2014 - от С1,Р / 10.03.2014
999 _d151258